Interfaces <The> Bulletin of The Institute of Management Sciences

Enregistré dans:
Détails bibliographiques
Format: Publication en série
Langue:anglais
Publié: Providence Institute of Management Sciences 1971/72
Sujets:
Tags: Ajouter un tag
Pas de tags, Soyez le premier à ajouter un tag!

MARC

LEADER 00000nas2a2200000 4500
001 s006547
005 20240109075913.1
041 0 |a eng 
044 |a US 
245 1 0 |a Interfaces  |b <The> Bulletin of The Institute of Management Sciences 
264 1 |a Providence  |b Institute of Management Sciences  |c 1971/72 
773 0 |w eu_un_cat*s120480 
610 2 0 |a veda o riadení